[Event "ch-IRL 2014"]
[Site "Dublin IRL"]
[Date "2014.07.12"]
[Round "8.4"]
[White "Redmond, John P."]
[Black "Fitzsimons, David"]
[Result "0-1"]
[BlackTitle "FM"]
[WhiteElo "2259"]
[BlackElo "2351"]
[WhiteFideId "2500051"]
[BlackFideId "2501961"]
[EventDate "2014.07.05"]
[EventType "swiss"]

1. Nf3 d5 2. d4 Nf6 3. c4 c6 4. Nc3 dxc4 5. a4 a5 6. e4 Bg4 7. Bxc4 e6 8. O-O
Bb4 9. e5 Nd5 10. Ne4 Nd7 11. Bg5 Qb6 12. Rc1 O-O 13. Qd3 h6 14. Bd2 Bxf3 15.
gxf3 f5 16. exf6 N7xf6 17. Kh1 Bxd2 18. Qxd2 Qc7 19. Nc5 Qf7 20. Rg1 Nh5 21. Be2
Ndf4 22. Bc4 Kh8 23. Rc3 Rad8 24. Rb3 Qf6 25. Qe3 Rxd4 26. Nxe6 Nxe6 27. Qxe6
Qxe6 28. Bxe6 Nf4 29. Re3 Rxa4 30. Bb3 Rb4 31. Re7 g5 32. Bc2 Rxb2 33. Be4 Nh3 0-1

[Event "ch-IRL 2014"]
[Site "Dublin IRL"]
[Date "2014.07.12"]
[Round "8.5"]
[White "Brady, Stephen"]
[Black "MacElligott, Gerard"]
[Result "1/2-1/2"]
[WhiteTitle "FM"]
[BlackTitle "CM"]
[WhiteElo "2338"]
[BlackElo "2013"]
[WhiteFideId "2500124"]
[BlackFideId "2500647"]
[EventDate "2014.07.05"]
[EventType "swiss"]

1. e4 c5 2. c3 d5 3. exd5 Nf6 4. Bb5+ Nbd7 5. c4 a6 6. Bxd7+ Qxd7 7. Nc3 e6 8.
Qe2 Be7 9. dxe6 Qxe6 10. b3 O-O 11. Qxe6 Bxe6 12. Nge2 Rfe8 13. Bb2 Rad8 14. f3
Bf5 15. O-O-O Bd6 16. Ng3 Bd3 17. Rde1 Bf4 18. Rxe8+ Rxe8 19. Nd1 b5 20. cxb5
axb5 21. Nf2 Bg6 22. Bxf6 gxf6 23. Nge4 Rc8 24. Nxf6+ Kg7 25. Nd5 Be5 26. Ne7
Rc7 27. Nxg6 hxg6 28. Nd3 Bd4 29. Kb1 Rd7 30. Nc1 Be5 31. d3 Bf4 32. Ne2 Be5 33.
f4 Bf6 34. Kc2 Ra7 35. Nc1 Bd4 36. Re1 b4 37. h3 Kf6 38. Re4 Kf5 39. Kb1 Rd7 40.
Ne2 Bf2 41. Kc2 Ra7 42. Nc1 Bd4 43. Kb1 Rd7 44. g4+ Kf6 45. Kc2 Ra7 46. Kd1 Ra8
47. Re2 Rh8 48. Rh2 Be3 49. Ne2 Ra8 50. Ng3 Bxf4 51. Ne4+ Ke5 52. Rc2 Be3 53.
Nxc5 Bxc5 54. Rxc5+ Kd4 55. Rc4+ Kxd3 56. Rxb4 Rxa2 57. Ke1 Ke3 58. Kd1 Kd3 59.
Rc4 Rh2 60. Kc1 Rxh3 61. Kb2 Rh2+ 62. Ka3 f5 63. gxf5 gxf5 64. Rf4 Rh5 65. b4
Ke3 66. Rf1 f4 67. Ka4 f3 68. b5 Ke2 69. Rb1 f2 70. b6 f1=Q 71. Rxf1 Kxf1 72. b7
Rh8 1/2-1/2

[Event "ch-IRL 2014"]
[Site "Dublin IRL"]
[Date "2014.07.12"]
[Round "8.6"]
[White "O'Connor, Jonathan"]
[Black "O'Cinneide, Mel"]
[Result "1-0"]
[WhiteElo "2150"]
[BlackElo "2227"]
[WhiteFideId "2501112"]
[BlackFideId "2500620"]
[EventDate "2014.07.05"]
[EventType "swiss"]

1. e4 e6 2. d4 d5 3. Nc3 Bb4 4. e5 c5 5. a3 Bxc3+ 6. bxc3 Ne7 7. Qg4 O-O 8. Bd3
Nbc6 9. Qh5 Ng6 10. Nf3 Qc7 11. Be3 c4 12. Bxg6 fxg6 13. Qg4 Bd7 14. h4 Rf5 15.
h5 gxh5 16. Rxh5 Raf8 17. Rh3 Rxf3 18. Rxf3 Rxf3 19. Qxf3 Be8 20. Qh3 Qd7 21.
Kd2 Bg6 22. f3 Na5 23. a4 Qc6 24. Qh1 b6 25. Qc1 Qe8 26. Qd1 Qf7 27. Kc1 Qf5 28.
Kb2 Qf7 29. Qe2 Qd7 30. g4 Qe8 31. Ra2 Nc6 32. Ka1 Na5 33. Bc1 Nb7 34. Bb2 Qf7
35. Ba3 h5 36. Bc1 Na5 37. Be3 Qd7 38. Kb2 Qe7 39. Ra1 Qd7 40. Bg5 Qe8 41. Qh2
Kh7 42. Kc1 Qf7 43. Qf4 Qc7 44. Qf8 Qf7 45. Qxf7 Bxf7 46. Kd2 hxg4 47. fxg4 Nc6
48. Rf1 Kg8 49. Kd1 Be8 50. Bc1 Ne7 51. Ba3 Ng6 52. Bd6 Bxa4 53. Bb8 Be8 54.
Bxa7 b5 55. Bc5 Bf7 56. Kc1 Nh4 57. Rf2 Ng6 58. Kb2 Nf8 59. Bxf8 Kxf8 60. Ka3
Ke7 61. Kb4 Bg6 62. Kxb5 Be4 63. Kc6 Bg6 64. Kb5 Be8+ 65. Kb4 Bg6 66. Ka3 Bf7
67. Kb2 Kf8 68. Kc1 Kg8 69. Rh2 Bg6 70. Kd2 Be4 71. Ke3 Kf7 72. Kf4 Bg6 73. Kg5
Be4 74. Rf2+ Ke7 75. Kh5 Bh7 76. g5 Bf5 77. g6 Kd7 78. Kg5 Ke7 79. Rh2 Kf8 80.
Rh8+ Ke7 81. Rg8 Bxc2 82. Rxg7+ Kf8 1-0

[Event "ch-IRL 2014"]
[Site "Dublin IRL"]
[Date "2014.07.12"]
[Round "8.7"]
[White "Benson, Oisin P."]
[Black "McMahon, Daire"]
[Result "0-1"]
[BlackTitle "FM"]
[WhiteElo "2040"]
[BlackElo "2153"]
[WhiteFideId "2501821"]
[BlackFideId "2500477"]
[EventDate "2014.07.05"]
[EventType "swiss"]

1. d4 Nf6 2. c4 e6 3. Nc3 Bb4 4. e3 c5 5. a3 Bxc3+ 6. bxc3 Nc6 7. Bd3 e5 8. d5
e4 9. dxc6 exd3 10. cxb7 Bxb7 11. f3 d5 12. Rb1 Qd7 13. Qxd3 Ba6 14. Ne2 O-O 15.
Qc2 Bxc4 16. Kf2 Qc6 17. Nf4 Rfe8 18. Qf5 Nd7 19. h4 Re5 20. Qc2 Rae8 21. Bd2
Nb6 22. h5 h6 23. g4 Ba6 24. Rbg1 Nc4 25. Nd3 R5e6 26. Qc1 Nxe3 27. Nf4 Re5 28.
Bxe3 Rxe3 29. Qxe3 Rxe3 30. Kxe3 Qf6 31. Nh3 Qxc3+ 32. Kf2 d4 33. Kg3 Be2 34.
Kh4 Qxf3 35. Rh2 d3 36. Nf2 c4 37. Rg3 Qf6+ 38. Kh3 Bf1+ 0-1

[Event "ch-IRL 2014"]
[Site "Dublin IRL"]
[Date "2014.07.12"]
[Round "8.8"]
[White "O'Donnell, Conor"]
[Black "Cafolla, Peter"]
[Result "1/2-1/2"]
[WhiteElo "2122"]
[BlackElo "1994"]
[WhiteFideId "2504243"]
[BlackFideId "2500884"]
[EventDate "2014.07.05"]
[EventType "swiss"]

1. d4 d5 2. c4 e6 3. Nf3 c5 4. cxd5 exd5 5. g3 Nc6 6. Bg2 Nf6 7. O-O Be7 8. Nc3
O-O 9. dxc5 Bxc5 10. Na4 Be7 11. Be3 b6 12. Rc1 Bb7 13. Nd4 Qd7 14. Nxc6 Bxc6
15. Nc3 Rfd8 16. Bd4 Ne4 17. e3 Rac8 18. Re1 Qf5 19. Qf3 Qg6 20. Red1 Ng5 21.
Qe2 Qf5 22. Nb5 Qd7 23. Na3 Ba4 24. Nc2 Bb5 25. Qh5 Rc6 26. Rd2 Rh6 1/2-1/2

[Event "ch-IRL 2014"]
[Site "Dublin IRL"]
[Date "2014.07.12"]
[Round "8.9"]
[White "Palmer, Bernard"]
[Black "Freeman, Gordon"]
[Result "1/2-1/2"]
[WhiteElo "2026"]
[BlackElo "2077"]
[WhiteFideId "2500701"]
[BlackFideId "2501309"]
[EventDate "2014.07.05"]
[EventType "swiss"]

1. d4 Nf6 2. c4 c5 3. Nf3 cxd4 4. Nxd4 Nc6 5. Nc3 g6 6. g3 Bg7 7. Bg2 O-O 8. O-O
Nxd4 9. Qxd4 d6 10. b3 Nd7 11. Qd2 Qa5 12. Bb2 Nc5 13. Rfd1 Bd7 14. Nd5 Qd8 15.
Rac1 a5 16. Bxg7 Kxg7 17. Qe3 Re8 18. Rd4 e5 19. Rd2 Bc6 20. Rcd1 Ra6 21. Qc3
Bxd5 22. Rxd5 Qf6 23. Qd2 Re6 24. Bh3 Re7 25. Rxd6 Qxd6 26. Qxd6 Rxd6 27. Rxd6
Ne4 28. Rd3 f5 29. Bg2 Nc5 30. Rd5 b6 31. Rd6 Re6 32. Rxe6 Nxe6 33. Kf1 Nc5 34.
Ke1 a4 35. b4 Na6 36. c5 bxc5 37. b5 Nb8 38. Kd2 Nd7 39. Bc6 1/2-1/2

[Event "ch-IRL 2014"]
[Site "Dublin IRL"]
[Date "2014.07.12"]
[Round "8.10"]
[White "Butler, Kevin"]
[Black "Harding, Tim D"]
[Result "1-0"]
[WhiteElo "2026"]
[BlackElo "2126"]
[WhiteFideId "2501538"]
[BlackFideId "2500256"]
[EventDate "2014.07.05"]
[EventType "swiss"]

1. e4 e5 2. Nf3 Nc6 3. Bc4 Bc5 4. c3 Nf6 5. d3 a6 6. O-O d6 7. Nbd2 O-O 8. Bb3
Bg4 9. h3 Bh5 10. Re1 Ba7 11. Nf1 Na5 12. Bc2 c5 13. Ng3 Bxf3 14. Qxf3 Nc6 15.
Bg5 Nb8 16. Bxf6 Qxf6 17. Qxf6 gxf6 18. Nf5 Rd8 19. Bb3 Nc6 20. Re3 Kf8 21. Rg3
Ne7 22. Nxe7 Kxe7 23. Rg7 Rf8 24. Rxh7 Rac8 25. Bd5 Rc7 26. c4 Bb6 27. Re1 Ba5
28. Re3 Bd2 29. Rg3 Bc1 30. b3 a5 31. a4 b6 32. Rgg7 Ke8 33. h4 Re7 34. Kh2 Bd2
35. Kh3 Be1 36. f3 Bd2 37. Kg4 Be1 38. Kf5 Bg3 39. Rxg3 1-0

[Event "ch-IRL 2014"]
[Site "Dublin IRL"]
[Date "2014.07.12"]
[Round "8.11"]
[White "Bourached, Anthony"]
[Black "Fox, Anthony"]
[Result "0-1"]
[WhiteElo "1965"]
[BlackElo "2059"]
[WhiteFideId "2504456"]
[BlackFideId "2500736"]
[EventDate "2014.07.05"]
[EventType "swiss"]

1. d4 d5 2. c4 e6 3. Nc3 Be7 4. cxd5 exd5 5. Bf4 Nf6 6. Qc2 c6 7. e3 O-O 8. Bd3
Nbd7 9. Nf3 Re8 10. O-O Nf8 11. h3 Be6 12. Rab1 a6 13. b4 h6 14. a4 N8d7 15. b5
cxb5 16. axb5 a5 17. Na4 Rc8 18. Qd2 Bb4 19. Qa2 Nb6 20. Nxb6 Qxb6 21. Rbc1 Ne4
22. Bxe4 dxe4 23. d5 Rxc1 24. Rxc1 exf3 25. dxe6 Qxe6 26. Qxe6 Rxe6 27. Rc8+ Kh7
28. Bc7 a4 29. Rb8 a3 30. Rxb7 Bc5 31. Rb8 Re4 32. gxf3 Rb4 33. Be5 f6 34. Bc3
Rb3 35. Bd4 Bxd4 36. exd4 a2 0-1

[Event "ch-IRL 2014"]
[Site "Dublin IRL"]
[Date "2014.07.12"]
[Round "8.14"]
[White "Loughran, John"]
[Black "Killane, Jack"]
[Result "1-0"]
[WhiteElo "1872"]
[BlackElo "1934"]
[WhiteFideId "2501562"]
[BlackFideId "2500949"]
[EventDate "2014.07.05"]
[EventType "swiss"]

1. d4 Nf6 2. c4 e6 3. Nf3 c5 4. d5 b5 5. Bg5 Qa5+ 6. Qd2 Qxd2+ 7. Nbxd2 bxc4 8.
Bxf6 gxf6 9. e4 Be7 10. Bxc4 d6 11. O-O O-O 12. Ne1 Na6 13. Nd3 Nc7 14. f4 Bb7
15. dxe6 fxe6 16. Rae1 Rae8 17. a3 d5 18. exd5 exd5 19. Ba2 c4 20. Nf2 Bc5 21.
Nf3 Ne6 22. g3 Nd4 23. Nxd4 Bxd4 24. Kg2 Bc5 25. Nd1 Kg7 26. Kh3 Bc8+ 27. g4 Ba6
28. Nc3 Bb7 29. Rd1 Re3+ 30. Kh4 Rd8 31. Bxc4 d4 32. Ne2 Bg2 33. Ng3 Rxg3 34.
Kxg3 Bxf1 35. Rxf1 Re8 36. Rf3 Re3 37. b4 Bb6 38. Rxe3 dxe3 39. a4 Bd4 40. Kf3
Bc3 41. b5 Bd4 42. Ke4 Bb6 43. Kf5 Bc7 44. h4 h6 45. Ke4 Bb6 46. Bd3 Kf7 47. Kf5
Bc7 48. h5 Kg7 49. Bc4 Bb8 50. Ke4 1-0

[Event "ch-IRL 2014"]
[Site "Dublin IRL"]
[Date "2014.07.13"]
[Round "9.1"]
[White "Jessel, Stephen"]
[Black "Short, Philip M"]
[Result "1/2-1/2"]
[WhiteTitle "FM"]
[BlackTitle "FM"]
[WhiteElo "2321"]
[BlackElo "2274"]
[WhiteFideId "628859"]
[BlackFideId "2500086"]
[EventDate "2014.07.05"]
[EventType "swiss"]

1. Nf3 Nf6 2. c4 e6 3. g3 b6 4. Bg2 Bb7 5. O-O c5 6. b3 Be7 7. Bb2 O-O 8. Nc3 d6
9. e3 Nbd7 10. d4 cxd4 11. Nxd4 Bxg2 12. Kxg2 Qc8 13. f4 Qb7+ 14. Qf3 Qxf3+ 15.
Kxf3 Rfc8 16. Rfd1 a6 17. g4 Rab8 18. g5 Ne8 19. Rac1 Rb7 20. h4 Bf8 21. Ne4 Nc5
22. Nf2 Ra8 23. Ba1 b5 24. e4 bxc4 25. Rxc4 a5 26. Nc2 Nc7 27. Ne3 Nb5 28. Nd3
Nd7 29. Rdc1 Nb6 30. R4c2 a4 31. bxa4 Nxa4 32. Rc8 Rbb8 33. Rxb8 Rxb8 34. Rc4
Ra8 35. h5 Nc5 36. Nxc5 dxc5 37. Rc2 Ra3 38. Kf2 Nd6 39. e5 Nf5 40. Nxf5 exf5
41. Bc3 Ra4 42. Bd2 f6 43. gxf6 gxf6 44. e6 Re4 45. Be3 Rxe6 46. a4 Ra6 47. Ra2
Kf7 48. Ke2 Ke6 49. Kd3 Kd5 50. a5 Bd6 51. Ra4 c4+ 52. Kc3 Bc5 53. Bxc5 Kxc5 54.
Rxc4+ Kb5 55. Rc7 Rxa5 56. Kd4 Ra4+ 57. Ke3 Ra3+ 58. Kf2 Rh3 59. Rxh7 Kc5 60.
Kg2 Rh4 61. Kg3 Rh1 62. Kg2 Rh4 63. Kg3 Rh1 64. Rh8 Kd6 65. Kg2 Rh4 66. Kg3 Rh1
67. Kg2 Rh4 68. Kg3 Rh1 69. Kg2 Rh4 1/2-1/2

[Event "ch-IRL 2014"]
[Site "Dublin IRL"]
[Date "2014.07.13"]
[Round "9.2"]
[White "O'Connor, Jonathan"]
[Black "Collins, Sam E."]
[Result "0-1"]
[BlackTitle "IM"]
[WhiteElo "2150"]
[BlackElo "2488"]
[WhiteFideId "2501112"]
[BlackFideId "2501198"]
[EventDate "2014.07.05"]
[EventType "swiss"]

1. d4 Nf6 2. c4 g6 3. Nc3 Bg7 4. e4 d6 5. f4 O-O 6. Nf3 Na6 7. Bd3 Bg4 8. O-O
Nd7 9. Be3 e5 10. fxe5 c5 11. Nd5 cxd4 12. Bxd4 Nac5 13. Bc2 dxe5 14. Be3 Ne6
15. Qd2 f5 16. h3 Bxf3 17. Rxf3 f4 18. Bf2 g5 19. Rc3 Nd4 20. Re1 Rc8 21. Bd1
Rc6 22. Bh5 Nf6 23. Qd1 Kh8 24. Kh1 Nd7 25. Bg4 Nf6 26. Bh5 Ng8 27. Bg1 Rh6 28.
Bg4 Ra6 29. a3 Nh6 30. Bh5 Qd7 31. Bf2 Qd8 32. b4 f3 0-1

[Event "ch-IRL 2014"]
[Site "Dublin IRL"]
[Date "2014.07.13"]
[Round "9.3"]
[White "Fitzsimons, David"]
[Black "Daly, Colm"]
[Result "1-0"]
[WhiteTitle "FM"]
[BlackTitle "FM"]
[WhiteElo "2351"]
[BlackElo "2333"]
[WhiteFideId "2501961"]
[BlackFideId "2500434"]
[EventDate "2014.07.05"]
[EventType "swiss"]

1. e4 c5 2. Nf3 e6 3. d4 cxd4 4. Nxd4 a6 5. Nc3 Qc7 6. Bd3 Nf6 7. f4 d6 8. Qf3
Nc6 9. Nxc6 bxc6 10. O-O Nd7 11. Kh1 g6 12. Bd2 Bg7 13. Rae1 O-O 14. Qg3 Nc5 15.
Qh4 Qd8 16. Qf2 Nxd3 17. cxd3 Rb8 18. Be3 Rb7 19. d4 f6 20. Qc2 Bd7 21. Rc1 Qb8
22. b3 Rc8 23. e5 fxe5 24. dxe5 dxe5 25. Ne4 c5 26. fxe5 Bb5 27. Nd6 Bxf1 28.
Rxf1 Rbc7 29. Nxc8 Rxc8 30. Bxc5 Qb5 31. Rc1 Bxe5 32. b4 Qc6 33. Qe2 Bg7 34. h3
Bf8 35. Re1 Re8 36. Bxf8 Kxf8 37. Qe5 Kg8 38. a3 Qc4 39. Kh2 Qb3 40. Re3 Qc2 41.
b5 axb5 42. Qxb5 Qc7+ 43. g3 Re7 44. Qe5 Qxe5 45. Rxe5 Kf7 46. a4 Kf6 47. Rb5
Rc7 48. g4 e5 49. a5 Rc2+ 50. Kg3 Rc3+ 51. Kg2 Ra3 52. h4 Ke6 53. Kf2 e4 54. h5
Rf3+ 55. Ke2 Rg3 56. hxg6 hxg6 57. a6 Rxg4 58. Ra5 Rh4 59. a7 Rh8 60. a8=Q Rxa8
61. Rxa8 Kf5 62. Ke3 g5 63. Rg8 g4 64. Rg7 1-0

[Event "ch-IRL 2014"]
[Site "Dublin IRL"]
[Date "2014.07.13"]
[Round "9.4"]
[White "Wallace, Paul"]
[Black "Brady, Stephen"]
[Result "1/2-1/2"]
[BlackTitle "FM"]
[WhiteElo "2170"]
[BlackElo "2338"]
[WhiteFideId "2500892"]
[BlackFideId "2500124"]
[EventDate "2014.07.05"]
[EventType "swiss"]

1. e4 e6 2. d4 d5 3. Nd2 Be7 4. Bd3 Nf6 5. e5 Nfd7 6. Ne2 c5 7. c3 Nc6 8. O-O a5
9. f4 f5 10. exf6 Nxf6 11. Nf3 O-O 12. Kh1 Bd7 13. Be3 c4 14. Bc2 b5 15. Ne5
Nxe5 16. fxe5 Ng4 17. Bf4 g5 18. Ng3 Rxf4 19. Rxf4 gxf4 20. Qxg4+ Kh8 21. Nh5
Qg8 22. Qxf4 Bg5 23. Qf3 Rf8 24. Nf6 Qg7 25. Rf1 Be8 26. g3 Bg6 27. Bxg6 Qxg6
28. h4 Bd2 29. Rf2 Bc1 30. Kg2 b4 31. Qd1 Be3 32. Rf3 Bh6 33. cxb4 axb4 34. Qa4
Bd2 35. a3 b3 36. Qb5 Bc1 37. Qb4 Qh6 38. Ng4 Qd2+ 39. Qxd2 Bxd2 40. Rxf8+ Kg7
41. Rb8 Bc1 42. Rb7+ Kg6 43. a4 Bxb2 44. Ne3 Bxd4 45. Nd1 Kf5 46. Kf3 Kxe5 47.
a5 Kd6 48. a6 e5 49. g4 e4+ 50. Ke2 Bc5 51. Ne3 Kc6 52. Kd2 h6 53. Nxd5 Kxd5 54.
Rb5 e3+ 55. Ke2 Kc6 56. Rxc5+ Kxc5 57. a7 b2 58. a8=Q b1=Q 59. Qc8+ Kd4 60. Qh8+
Kc5 61. Qf8+ Kd5 62. Qf7+ Kd4 63. Qf6+ 1/2-1/2

[Event "ch-IRL 2014"]
[Site "Dublin IRL"]
[Date "2014.07.13"]
[Round "9.5"]
[White "MacElligott, Gerard"]
[Black "Butler, Kevin"]
[Result "1-0"]
[WhiteTitle "CM"]
[WhiteElo "2013"]
[BlackElo "2026"]
[WhiteFideId "2500647"]
[BlackFideId "2501538"]
[EventDate "2014.07.05"]
[EventType "swiss"]

1. d4 Nf6 2. c4 g6 3. Nc3 Bg7 4. e4 d6 5. Be2 O-O 6. Bg5 h6 7. Be3 Na6 8. h4 e5
9. h5 exd4 10. Bxd4 g5 11. f3 Ne8 12. Be3 Be5 13. Nh3 c6 14. Qd2 Bg3+ 15. Nf2
Nac7 16. O-O-O Qf6 17. Nd3 d5 18. exd5 cxd5 19. cxd5 Nd6 20. Nf2 Bf5 21. Bd3
Rfe8 22. Nfe4 Bxe4 23. Nxe4 Nxe4 24. Bxe4 Rac8 25. Kb1 Nb5 26. Bc2 Rc3 27. Bd3
Qe5 28. Bxb5 Rxe3 29. Bxe8 Re2 30. Qd4 Qxe8 31. Rd2 Bd6 32. Rhd1 b6 33. Qd3 Re3
34. Qc4 Qd7 35. Rc2 Re8 36. Qg4 f5 37. Qc4 Qe7 38. Qd3 Qe5 39. Rc6 Kg7 40. Qd4
Qxd4 41. Rxd4 Bc5 42. Rd2 Rh8 1-0

[Event "ch-IRL 2014"]
[Site "Dublin IRL"]
[Date "2014.07.13"]
[Round "9.6"]
[White "McMahon, Daire"]
[Black "O'Cinneide, Mel"]
[Result "0-1"]
[WhiteTitle "FM"]
[WhiteElo "2153"]
[BlackElo "2227"]
[WhiteFideId "2500477"]
[BlackFideId "2500620"]
[EventDate "2014.07.05"]
[EventType "swiss"]

1. d4 Nf6 2. c4 e6 3. Nf3 Bb4+ 4. Nbd2 O-O 5. a3 Be7 6. e4 d5 7. e5 Nfd7 8. cxd5
exd5 9. Bd3 c5 10. O-O Nc6 11. Re1 Re8 12. Qc2 h6 13. e6 fxe6 14. Bh7+ Kh8 15.
Bg6 Rf8 16. dxc5 e5 17. Nb3 e4 18. Nfd2 Nde5 19. Bh5 Nd3 20. Rf1 a5 21. a4 Bf6
22. Nb1 Be5 23. g3 Bh3 0-1

[Event "ch-IRL 2014"]
[Site "Dublin IRL"]
[Date "2014.07.13"]
[Round "9.7"]
[White "Freeman, Gordon"]
[Black "Redmond, John P."]
[Result "0-1"]
[WhiteElo "2077"]
[BlackElo "2259"]
[WhiteFideId "2501309"]
[BlackFideId "2500051"]
[EventDate "2014.07.05"]
[EventType "swiss"]

1. Nf3 Nf6 2. d4 e6 3. Bg5 h6 4. Bh4 d6 5. Nc3 g5 6. Bg3 Nh5 7. e4 Bg7 8. Qd2
Nd7 9. O-O-O a6 10. d5 Nxg3 11. hxg3 Qf6 12. Nd4 Ne5 13. Be2 Ng6 14. Rhf1 Bd7
15. Kb1 O-O 16. Qe3 e5 17. Nf3 b5 18. Nh2 b4 19. Bg4 Qd8 20. Ne2 f5 21. Bxf5
Bxf5 22. exf5 Rxf5 23. Qe4 Qd7 24. Ng4 h5 25. Ne3 Rf6 26. Qxb4 Rff8 27. Qe4 Qf7
28. f3 Rab8 29. g4 Nf4 30. Nc3 a5 31. a3 h4 32. Rh1 Rb7 33. g3 Rfb8 34. b3 hxg3
35. Qh7+ Kf8 36. Nf5 g2 37. Rhg1 Bf6 38. Qh6+ Ke8 39. Ne4 Be7 40. Nxg5 Bxg5 41.
Qxg5 Rb5 42. Ne3 Qh7 43. Kb2 Qh8 44. Nf5 Kd7 45. a4 Rxd5 46. Qe7+ Kc6 47. Ka2
Rxd1 48. Rxd1 Nd5 49. Rxd5 g1=Q 50. Rxd6+ Kb7 51. Rd5 e4 52. Rb5+ Ka6 53. Qe6+
Rb6 54. Rxb6+ Qxb6 55. Qxe4 Ka7 56. Qd3 Qe5 57. Qd2 Qec5 0-1

[Event "ch-IRL 2014"]
[Site "Dublin IRL"]
[Date "2014.07.13"]
[Round "9.8"]
[White "Murray, David"]
[Black "Palmer, Bernard"]
[Result "1/2-1/2"]
[WhiteElo "2141"]
[BlackElo "2026"]
[WhiteFideId "2501511"]
[BlackFideId "2500701"]
[EventDate "2014.07.05"]
[EventType "swiss"]

1. e4 e6 2. d4 d5 3. Nc3 Bb4 4. e5 c5 5. a3 Bxc3+ 6. bxc3 Qa5 7. Bd2 Qa4 8. Qb1
c4 9. f4 Nc6 10. Nf3 f6 11. Be2 Nh6 12. O-O Nf7 13. Ra2 b6 14. Qe1 f5 15. Qh4
Ne7 16. Qh5 Ng8 17. Rb1 Bb7 18. Rb4 Qd7 19. Qh4 Ne7 20. Rb1 Bc6 21. h3 Ba4 22.
Kh2 O-O-O 23. Qe1 h6 24. Be3 Rdg8 25. Qd2 g6 26. Rg1 Rg7 27. Raa1 Rhg8 28. h4
Qd8 29. g3 Nc6 30. Rg2 Rh8 1/2-1/2

[Event "ch-IRL 2014"]
[Site "Dublin IRL"]
[Date "2014.07.13"]
[Round "9.9"]
[White "Fox, Anthony"]
[Black "O'Donnell, Conor"]
[Result "0-1"]
[WhiteElo "2059"]
[BlackElo "2122"]
[WhiteFideId "2500736"]
[BlackFideId "2504243"]
[EventDate "2014.07.05"]
[EventType "swiss"]

1. e4 c5 2. Nf3 d6 3. Bb5+ Nd7 4. O-O Nf6 5. Re1 a6 6. Bxd7+ Bxd7 7. d4 cxd4 8.
Qxd4 e5 9. Qd3 h6 10. c4 Be7 11. Nc3 O-O 12. b3 Rb8 13. a4 b5 14. axb5 axb5 15.
cxb5 Qb6 16. Be3 Bxb5 17. Qd2 Qc6 18. Nd5 Nxd5 19. exd5 Qd7 20. Ra7 Rb7 21. Rea1
Rfb8 22. Rxb7 Rxb7 23. Ra8+ Kh7 24. Qd1 Qf5 25. Ra7 Rxa7 26. Bxa7 Qe4 27. Ne1 f5
28. f3 Qb4 29. Bf2 Ba6 30. Qc2 Qb5 31. h3 Kg8 32. Kh2 Qxd5 33. Qxf5 Qxb3 34. Qd7
Qf7 35. Qa7 Bc4 36. Nc2 Be6 37. Ne3 Qf8 38. Bg3 h5 39. Qb6 Qf6 40. Qb5 Bf8 41.
h4 Qf7 42. Qb8 Kh7 43. Qb1+ g6 44. Qe4 Bg7 45. Qb4 d5 46. Nd1 Bf5 47. Nf2 Qe6
48. Qb7 e4 49. fxe4 dxe4 50. Nd1 e3 51. Be1 Qd6+ 52. Bg3 Qxd1 53. Be5 Qd7 0-1

[Event "ch-IRL 2014"]
[Site "Dublin IRL"]
[Date "2014.07.13"]
[Round "9.10"]
[White "Cafolla, Peter"]
[Black "O'Connell, Gerard"]
[Result "0-1"]
[WhiteElo "1994"]
[BlackElo "2132"]
[WhiteFideId "2500884"]
[BlackFideId "2500493"]
[EventDate "2014.07.05"]
[EventType "swiss"]

1. d4 Nf6 2. c4 g6 3. Nc3 d5 4. Bg5 Ne4 5. Bh4 Nxc3 6. bxc3 dxc4 7. e3 Be6 8.
Nf3 Nd7 9. Ng5 Bd5 10. e4 h6 11. exd5 hxg5 12. Bxg5 Nb6 13. Bxc4 Nxc4 14. Qa4+
Qd7 15. Qxc4 O-O-O 16. Bf4 Rh5 17. d6 exd6 18. O-O Bh6 19. Bg3 f5 20. f4 d5 21.
Qb3 Bg7 22. Rab1 b6 23. Rfe1 Bf6 24. a4 Rh7 25. a5 Re7 26. axb6 Rxe1+ 27. Rxe1
cxb6 28. Bf2 Kb8 29. h3 Rc8 30. Re3 Kb7 31. Rg3 Qf7 32. Be3 Bh4 33. Rf3 Be1 34.
Bf2 Re8 35. Be3 Qe6 36. Bc1 Qc6 37. Kh2 a5 38. Ba3 Re2 39. Bf8 Ka6 40. Qd1 Qc4
41. Kg1 Bd2 42. Kh2 Kb7 43. Bd6 Be1 44. Kg1 Qa2 45. Kf1 Bh4 46. Be7 Rxe7 47. g3
Qh2 48. Qd3 Qh1+ 49. Kf2 Qe1+ 0-1

[Event "ch-IRL 2014"]
[Site "Dublin IRL"]
[Date "2014.07.13"]
[Round "9.11"]
[White "Harding, Tim D"]
[Black "Benson, Oisin P."]
[Result "1-0"]
[WhiteElo "2126"]
[BlackElo "2040"]
[WhiteFideId "2500256"]
[BlackFideId "2501821"]
[EventDate "2014.07.05"]
[EventType "swiss"]

1. d4 Nf6 2. Nc3 d5 3. Bg5 g6 4. Qd2 h6 5. Bh4 Bg7 6. O-O-O Nbd7 7. f3 Nb6 8. e4
O-O 9. Kb1 a5 10. e5 Nh7 11. f4 a4 12. Bd3 c6 13. Nf3 Bf5 14. Rhg1 Bxd3 15. Qxd3
Nc4 16. b3 axb3 17. cxb3 Na5 18. Rd2 Qd7 19. g4 e6 20. f5 g5 21. f6 Bh8 22. Be1
b5 23. h4 b4 24. Na4 Nc4 25. Rh2 Bxf6 26. exf6 Nxf6 27. Nc5 Qa7 28. hxg5 Ne4 29.
Nxe4 dxe4 30. Qxe4 Nd6 31. Qe5 f6 32. Qxd6 Qh7+ 33. Kb2 Qe4 34. gxh6 Qxf3 35.
h7+ Kh8 36. Qxb4 Qe3 37. Rgg2 c5 38. Qc3 Qe4 39. dxc5 e5 40. g5 Ra7 41. gxf6 Qa8
42. Rg8+ Rxg8 43. hxg8=Q+ Kxg8 44. Qc4+ Rf7 45. Qg4+ 1-0

[Event "ch-IRL 2014"]
[Site "Dublin IRL"]
[Date "2014.07.13"]
[Round "9.12"]
[White "Reynolds, Pat"]
[Black "Bourached, Anthony"]
[Result "0-1"]
[WhiteElo "1990"]
[BlackElo "1965"]
[WhiteFideId "2501392"]
[BlackFideId "2504456"]
[EventDate "2014.07.05"]
[EventType "swiss"]

1. d4 Nf6 2. Bg5 Ne4 3. Bf4 g5 4. Bc1 Bg7 5. f3 Nd6 6. Bxg5 c5 7. c3 cxd4 8. e4
dxe3 9. Bxe3 Nc6 10. f4 O-O 11. Nf3 b5 12. Nbd2 Bb7 13. Bd3 b4 14. Qc2 bxc3 15.
bxc3 Qa5 16. Rc1 f5 17. Nb3 Qa4 18. Qe2 e5 19. Nc5 Qa3 20. Nxb7 Nxb7 21. Bc4+
Kh8 22. fxe5 Nba5 23. Bd5 Rae8 24. O-O Nxe5 25. Nxe5 Rxe5 26. Qf3 Qe7 27. Bxa7
Re2 28. h3 Rf6 29. Rb1 Nc6 30. Bxc6 dxc6 31. Rb8+ Rf8 32. Rxf8+ Bxf8 33. Qxf5
Qxa7+ 34. Kh1 Re8 35. Qf6+ Bg7 36. Qxc6 Qe7 37. c4 Rg8 38. Qd5 Rd8 39. Qh5 Bf6
40. c5 Kg7 41. c6 Rd4 42. Rb1 Be5 43. Rb7 Bc7 44. Rxc7 Qxc7 45. Qg5+ Kh8 46. Qh5
Re4 47. Kg1 Qxc6 48. Qf5 Qc1+ 0-1